| 000 | 00805nam a2200193 i 4500 | ||
|---|---|---|---|
| 001 | 57456 | ||
| 003 | ES-MaACL | ||
| 005 | 20230906163600.0 | ||
| 007 | t| | ||
| 008 | 031016s1946 sp f |||| | spa d | ||
| 100 | 1 |
_aDoerner, Max. _944992 |
|
| 245 | 1 | 4 |
_aLos materiales de pintura y su empleo en el arte _b: materiales y técnica de las pinturas al óleo, temple, acuarela, fresco, pastel : técnica de los antiguos maestros : conservación de monumentos y cuadros / _cMax Doerner ; versión de la séptima edición original por Pedro Reverté. |
| 260 |
_aBarcelona : _bGustavo Gili, _c1946 ( _fAriel) |
||
| 300 |
_a466 p., 28 lám. ; _c25 cm. |
||
| 650 | 4 |
_aMateriales para artistas. _9137816 |
|
| 650 | 0 | 4 |
_aPintura- _xTécnica. _916012 |
| 700 | 1 |
_aReverté, Pedro. _996415 |
|
| 852 |
_aES-MaACL _jE-1825 |
||
| 999 |
_c57456 _d57456 |
||